000 00604nam a22002052 4500
001 0000009212
005 20151217145847.0
008 080912s xx 000 0 eng d
020 _a0139159924 :
_cKES 500
040 _aKABU
_cKABU
100 1 _aStoker, H. Stephen.
_@0000160308
245 1 0 _aIntroduction to chemical principles /
_cH. Stephen Stoker.
250 _a6th ed.
260 _aUpper Saddle River, NJ. :
_bPrentice Hall,
_c1999.
300 _axiii, 706 p.
650 0 _aChemistry.
_@0000148202
908 _a080912
950 _@1
999 _c3393
_d3393